| 000 | 00731nam a2200253 a 4500 | ||
|---|---|---|---|
| 008 | |||
| 020 | _a013982927X (pbk.) | ||
| 049 | _aMAIN | ||
| 090 | 0 |
_aHF5657.4 _bATR |
|
| 100 | 1 | _aAtrill, Peter. | |
| 245 | 1 | 0 |
_aManagement accounting for non-specialists / _cPeter Atrill and Eddie McLaney. |
| 250 | _a2nd ed. | ||
| 260 |
_aLondon : _bPrentice Hall, _c1999. |
||
| 300 |
_axiv, 382 p. ; _c25 cm. |
||
| 500 | _aIncludes index. | ||
| 504 | _aIncludes bibliographic references. | ||
| 650 | 0 | _aManagerial accounting. | |
| 700 | 1 | _aMcLaney, E.J. | |
| 907 |
_a.b10105505 _b11-04-18 _c06-01-04 |
||
| 003 | |||
| 005 | 20230123134152.0 | ||
| 040 | _cNUST | ||
| 942 |
_cBOOKS _kHF5657.4 _mATR |
||
| 999 |
_c161233 _d161233 |
||